[Event "Subotica Interzonal (Women)"]
[Site "Subotica"]
[Date "1991.??.??"]
[Round "3"]
[White "Matveeva, Svetlana"]
[Black "Nutu Gajic, Dana"]
[Result "1-0"]
[WhiteElo "2325"]
[BlackElo "2310"]

1.d4 d5 2.c4 dxc4 3.e4 Nf6 4.e5 Nd5 5.Bxc4 Nb6 6.Bb3 Nc6 7.Ne2 Bg4 8.Nbc3 e6
9.O-O Be7 10.f3 Bf5 11.g4 Bg6 12.f4 Na5 13.f5 Nxb3 14.Qxb3 exf5 15.gxf5 Bh5
16.Ng3 Qxd4+ 17.Kg2 Qh4 18.f6 gxf6 19.exf6 Bg4 20.Qb5+ Nd7 21.fxe7 Bh3+ 22.Kh1 Bxf1
23.Qxf1 Qxe7 24.Bf4 O-O-O 25.Bxc7 Rdg8 26.Rc1 Qe6 27.Nce4 Qd5 28.Qxf7  1-0

[Event "Subotica Interzonal (Women)"]
[Site "Subotica"]
[Date "1991.??.??"]
[Round "5"]
[White "Levitina, Irina S"]
[Black "Nutu Gajic, Dana"]
[Result "1-0"]
[WhiteElo "2370"]
[BlackElo "2310"]

1.d4 d5 2.c4 dxc4 3.e4 Nf6 4.e5 Nd5 5.Bxc4 Nb6 6.Bb3 Nc6 7.Ne2 Bf5 8.Nbc3 e6
9.a3 Be7 10.O-O O-O 11.Be3 Na5 12.Ba2 Nac4 13.Ng3 Bg6 14.Qe2 Nxe3 15.Qxe3 c6
16.f4 Kh8 17.Rad1 Qd7 18.f5 exf5 19.Qf4 Rad8 20.h4 h6 21.Bb1 Nd5 22.Nxd5 Qxd5
23.Nxf5 Bxf5 24.Qxf5 g6 25.Qf4 Kg7 26.Rf3 f5 27.Rg3 Kh7 28.h5 Bg5 29.Rxg5 hxg5
30.Qxg5 Qe6 31.Rd3 Kg7 32.Ba2 Qe8 33.hxg6 Rd7 34.Bf7 Qe7 35.Qxf5 Rh8 36.Rf3 Rh4
37.Qf6+ Qxf6 38.exf6+ Kf8 39.Be6 Rc7 40.g7+ Rxg7 41.fxg7+ Kxg7 42.Rf7+  1-0

[Event "SWZ-GP"]
[Site "Suhr"]
[Date "1991.??.??"]
[Round "8"]
[White "Zueger, Beat"]
[Black "Kamber, Bruno"]
[Result "1/2-1/2"]
[WhiteElo "2425"]
[BlackElo "2270"]

1.d4 d5 2.c4 dxc4 3.e4 c5 4.d5 Nf6 5.Nc3 e6 6.Bxc4 exd5 7.Nxd5 Nxd5 8.Bxd5 Bd6
9.Bd2 Nd7 10.Nf3 O-O 11.Bc3 Nf6 12.h3 Nxd5 13.Qxd5 Qe7 14.e5 Bc7 15.O-O Rd8
16.Qe4  1/2-1/2

[Event "Terrassa"]
[Site "Terrassa"]
[Date "1991.??.??"]
[Round "4"]
[White "Lautier, Joel"]
[Black "Ehlvest, Jaan"]
[Result "0-1"]
[WhiteElo "2550"]
[BlackElo "2650"]

1.d4 d5 2.c4 dxc4 3.e4 c5 4.d5 Nf6 5.Nc3 b5 6.e5 b4 7.exf6 bxc3 8.bxc3 Nd7
9.Bxc4 Nb6 10.Ne2 exf6 11.O-O Bd6 12.Bd3 Qc7 13.Ng3 c4 14.Re1+ Kf8 15.Bc2 h5
16.a4 Bg4 17.f3 Bd7 18.Ne4 Kg8 19.a5 Bxh2+ 20.Kh1 Nc8 21.f4 f5 22.d6 Qd8
23.Ng5 Bg3 24.Re5 Bc6 25.Ba4 Bxa4 26.Rxa4 Nxd6 27.Rd5 Rh6 28.Rxc4 Re6 29.Nf3 Qf6
30.Rcd4 Rae8 31.Bd2 Ne4 32.Be1 Nf2+ 33.Bxf2 Bxf2 34.Re5 Bxd4 35.cxd4 Qd8
36.Qa4 Rxe5 37.fxe5 Re7 38.Qb5 Rd7 39.a6 g6 40.Kh2 Kg7 41.Qc6 Re7 42.Qb5 Rd7
43.Qc6 h4 44.Qb5 Rxd4 45.Nxd4 Qxd4 46.Qe2 Qf4+ 47.Kg1 h3 48.e6 Qd4+ 49.Kh2 hxg2  0-1

[Event "Vrnjacka Banja"]
[Site "Vrnjacka Banja"]
[Date "1991.??.??"]
[Round "4"]
[White "Hebden, Mark"]
[Black "Drasko, Milan"]
[Result "1/2-1/2"]
[WhiteElo "2475"]
[BlackElo "2500"]

1.d4 d5 2.c4 dxc4 3.e4 Nf6 4.e5 Nd5 5.Bxc4 Nb6 6.Bd3 Nc6 7.Be3 Nb4 8.Be4 f5
9.exf6 exf6 10.Nc3 f5 11.Bb1 N4d5 12.Nf3 Be7  1/2-1/2

[Event "Werfen"]
[Site "Werfen"]
[Date "1991.??.??"]
[Round "3"]
[White "Herndl, Harald"]
[Black "Varga, Zoltan"]
[Result "0-1"]
[WhiteElo "2275"]
[BlackElo "2400"]

1.d4 d5 2.c4 dxc4 3.e4 Nc6 4.Nf3 Nf6 5.d5 Nxe4 6.Bxc4 Nb8 7.O-O g6 8.Nc3 Nf6
9.Re1 Bg7 10.Qe2 Nbd7 11.d6 cxd6 12.Bxf7+ Kf8 13.Ng5 Nc5 14.Bc4 d5 15.Nxd5 Nxd5
16.Bxd5 Qxd5 17.Qxe7+ Kg8 18.Bf4 Bf8 19.Qc7 Qd7 20.Qe5 h6 21.Be3 hxg5 22.Bxc5 Qf5
23.Qe8 Qf7 24.Rad1 Qxe8 25.Rxe8 Kf7 26.Rdd8 Bd7 27.Rxf8+ Rxf8 28.Rxd7+ Ke6
29.Rxb7 Rf7 30.Rb3 Rc8 31.Re3+ Kd5 32.b4 a5 33.a3 Rf5 34.h3 Re5 35.Rd3+ Kc4
36.Rd6 a4 37.Rd4+ Kb3 38.Rd3+ Ka2 39.Bd6 Re1+ 40.Kh2 Rd8 41.Rd4 Re6 42.Bc5 Rxd4
43.Bxd4 Kxa3 44.b5 Kb3 45.b6 Re7 46.Kg3 Kc4 47.Bh8 Rh7 48.Ba1 Rb7  0-1

[Event "Werfen"]
[Site "Werfen"]
[Date "1991.??.??"]
[Round "5"]
[White "Herndl, Harald"]
[Black "Mathe, Gaspar"]
[Result "0-1"]
[WhiteElo "2275"]
[BlackElo "2390"]

1.d4 d5 2.c4 dxc4 3.e4 e5 4.Nf3 exd4 5.Bxc4 Nc6 6.O-O Bc5 7.Ng5 Nh6 8.Nxf7 Nxf7
9.Qh5 Qe7 10.Bxf7+ Qxf7 11.Qxc5 Be6 12.f4 g6 13.b4 a6 14.Bb2 O-O-O 15.a4 Qf8
16.Qxf8 Rhxf8 17.Ba3 Rf7 18.Nd2 d3 19.b5 Nd4 20.bxa6 bxa6 21.Bc5 Nb3  0-1

[Event "Altensteig"]
[Site "Altensteig"]
[Date "1992.??.??"]
[Round "11"]
[White "Romanishin, Oleg M"]
[Black "Sadler, Matthew"]
[Result "1/2-1/2"]
[WhiteElo "2555"]
[BlackElo "2515"]

1.d4 d5 2.c4 dxc4 3.e4 Nc6 4.d5 Ne5 5.Nc3 Nf6 6.Qd4 Ng6 7.Qxc4 e5 8.Bg5 Bd6
9.Qa4+ Kf8 10.Nf3 h6 11.Bd2 a6 12.Be2 Bd7 13.Qc2 Qe7 14.O-O Nf4 15.Bxf4 exf4
16.Rac1 Ng4 17.Nb1 c5 18.Nbd2 b5 19.a4 g6 20.h3 h5 21.Rfe1 c4 22.e5 Nxe5
23.Nxe5 Qxe5 24.Bxc4  1/2-1/2

[Event "Barcelona"]
[Site "Barcelona"]
[Date "1992.??.??"]
[Round "?"]
[White "Romanishin, Oleg M"]
[Black "Magem Badals, Jorge"]
[Result "1/2-1/2"]
[WhiteElo "2595"]
[BlackElo "2515"]

1.d4 d5 2.c4 dxc4 3.e4 Nc6 4.d5 Ne5 5.Nc3 Nf6 6.Qd4 Ng6 7.Nf3 e5 8.Qxc4 a6
9.h4 Bg4 10.Be2 Bd6 11.g3 h6 12.Be3 O-O 13.Rd1 Qb8 14.Nd2 Bd7 15.Nb3 c6 16.Qd3 cxd5
17.exd5  1/2-1/2

[Event "Biel op"]
[Site "Biel"]
[Date "1992.??.??"]
[Round "2"]
[White "Shabalov, Alexander"]
[Black "Heinbuch, Detlef"]
[Result "1-0"]
[WhiteElo "2525"]
[BlackElo "2370"]

1.d4 d5 2.c4 dxc4 3.e4 c5 4.d5 e6 5.Bxc4 Nf6 6.Nc3 exd5 7.exd5 Bd6 8.Qe2+ Kf8
9.h3 a6 10.a4 Bf5 11.Nf3 h6 12.O-O Nbd7 13.Be3 g5 14.Bd3 Bg6 15.Nd2 Kg7 16.Nc4 Qc7
17.Nxd6 Qxd6 18.f4 Bxd3 19.Qxd3 g4 20.hxg4 Nxg4 21.Ne4 Qe7 22.Bd2 Rhe8 23.Qg3 f5
24.Rae1 Qf8 25.Bc3+ Kh7 26.Qh3 Qg8 27.Ng5+ Kg6 28.Ne6 Nb6 29.Ng7 Rf8 30.Re6+  1-0

[Event "Bled op"]
[Site "Bled"]
[Date "1992.??.??"]
[Round "5"]
[White "Sherbakov, Ruslan"]
[Black "Sulava, Nenad"]
[Result "1-0"]
[WhiteElo "2495"]
[BlackElo "2405"]

1.d4 d5 2.c4 dxc4 3.e4 Nc6 4.d5 Ne5 5.Bf4 Ng6 6.Bg3 Nf6 7.Nc3 e6 8.Bxc4 exd5
9.exd5 a6 10.Nf3 Bd6 11.Qe2+ Ne7 12.Bh4 O-O 13.Bxf6 gxf6 14.O-O f5 15.Qd2 Ng6
16.Qd4 Be7 17.Ne2 Bf6 18.Qd2 Kh8 19.Rac1 Qd6 20.Ng3 Nf4 21.Rfd1 Rg8 22.Bf1 Bd7
23.Rc4 Ng6 24.Qc2 Ne5 25.Nxe5 Bxe5 26.f4 Bf6 27.Nh5 Rac8 28.Kh1 Be7 29.Qc3+ f6
30.Re1 Rg6 31.Rd4 Rcg8 32.Qf3 Bd8 33.Red1 Rh6 34.Be2 Rg4 35.Ng3 Rhh4 36.Rf1 Qb6
37.Qf2 Rg6 38.Nh5 Rh6 39.Qxh4 Qxd4 40.Qg3 Rg6 41.Qb3 b5 42.Qa3 Rg8 43.Rd1 Qf2
44.Bf3 Re8 45.h3 Qb6 46.d6 c5 47.Qc3 Re6 48.Bd5  1-0

[Event "Spring op"]
[Site "Budapest"]
[Date "1992.??.??"]
[Round "?"]
[White "Papp, Zsolt"]
[Black "Raetsky, Alexander"]
[Result "0-1"]
[WhiteElo "2265"]
[BlackElo "2455"]

1.d4 d5 2.c4 dxc4 3.e4 e5 4.Nf3 Bb4+ 5.Bd2 Bxd2+ 6.Qxd2 exd4 7.Qxd4 Qxd4
8.Nxd4 Nf6 9.Nc3 Be6 10.Nxe6 fxe6 11.Bxc4 e5 12.Rd1 Ke7 13.Nd5+ Nxd5 14.exd5 Nd7
15.O-O Rhf8 16.Rfe1 Kd6 17.f3 Rf4 18.Bd3 Rb4 19.b3 h6 20.Bc4 a5 21.a3 Rb6
22.Re3 Rf8 23.g3 g5 24.Kg2 Re8 25.h3 Re7 26.Rde1 Kc5 27.Rc1 Rd6 28.b4+ axb4
29.Rb3 b5 30.Bd3+ Kb6 31.Rxb4 Rxd5 32.Be4 Rd2+ 33.Kg1 Nc5 34.Rcb1 c6 35.a4 Nxe4
36.fxe4 Rd4 37.axb5 Rxb4 38.Rxb4 cxb5 39.Kf2 Kc5 40.Rb1 b4 41.Ke3 Rd7 42.Rc1+ Kb5
43.Rc8 b3  0-1

[Event "Spring op"]
[Site "Budapest"]
[Date "1992.??.??"]
[Round "?"]
[White "Tunik, Gennady"]
[Black "Raetsky, Alexander"]
[Result "1/2-1/2"]
[WhiteElo "2450"]
[BlackElo "2455"]

1.d4 d5 2.c4 dxc4 3.e4 e5 4.Nf3 Bb4+ 5.Bd2 Bxd2+ 6.Qxd2 exd4 7.Qxd4 Qxd4
8.Nxd4 Nf6 9.Nc3 Bd7 10.Bxc4 Nc6 11.Nxc6 Bxc6 12.f3 Ke7 13.Ke2 Nd7 14.b4 Nb6
15.Bb3 Bd7 16.Rhc1 Rhc8 17.Ke3 c5 18.bxc5 Rxc5 19.Ne2 Rac8 20.Rxc5 Rxc5 21.Kd4 Rc8
22.Nf4 Rd8 23.Rc1 Be6+ 24.Ke3 Bxb3 25.axb3 Rc8 26.Rxc8 Nxc8 27.Kd4 f6 28.h4 g6
29.g4 Nd6 30.g5 fxg5 31.hxg5 Nf7 32.Nd5+ Ke6 33.f4 h6 34.gxh6 Nxh6 35.Nc7+ Kd7
36.Nb5 a6 37.Nc3 Kd6 38.Na4 Nf7 39.e5+ Kc6 40.e6 Nd6 41.Ke5 Ne8 42.Nc3 a5
43.Ne2 b5 44.Nd4+ Kc5 45.e7 a4 46.bxa4 bxa4 47.Nc2 Nc7 48.Na3 Kc6 49.Kf6 Nd5+
50.Kf7 Nxe7 51.Kxe7 Kd5 52.Kf6 Ke4 53.Kg5 Kf3 54.Nc4  1/2-1/2

[Event "Donau Cup op"]
[Site "Budapest"]
[Date "1992.??.??"]
[Round "9"]
[White "Fokin, Sergey"]
[Black "Kallai, Gabor"]
[Result "1/2-1/2"]
[WhiteElo "2340"]
[BlackElo "2455"]

1.d4 d5 2.c4 dxc4 3.e4 c5 4.d5 Nf6 5.Nc3 e6 6.Nf3 Nxe4 7.Nxe4 exd5 8.Nc3 Be6
9.Ng5 Be7 10.Nxe6 fxe6 11.Qh5+ g6 12.Qe5 Kf7 13.Qf4+ Bf6 14.Bxc4 dxc4 15.Qxc4 Qd4
16.Qe2 Rd8 17.O-O Qd3 18.Qe4 Qxe4 19.Nxe4 b6 20.Bg5 Bxg5 21.Nxg5+ Ke7 22.Nxh7 Rd2
23.Ng5 Nc6 24.b3 Rad8 25.Nf3 Rc2 26.Rfc1 Rxc1+ 27.Rxc1 Nd4 28.Nxd4 Rxd4 29.h3 Rd2
30.a4 Rd3 31.Rb1 Kd6 32.Kf1 Rd2 33.Re1 a6 34.Re3 b5 35.axb5 axb5 36.h4 Rd1+
37.Ke2 Rh1 38.g3 c4 39.bxc4 bxc4 40.Kd2 Ra1  1/2-1/2

[Event "Wch U20"]
[Site "Buenos Aires"]
[Date "1992.??.??"]
[Round "?"]
[White "Watanabe, Roberto"]
[Black "Scarella, Enrique"]
[Result "0-1"]
[WhiteElo "2380"]
[BlackElo "2410"]

1.d4 d5 2.c4 dxc4 3.e4 c5 4.d5 e6 5.Nc3 exd5 6.exd5 Bd6 7.Bxc4 Nf6 8.Nf3 O-O
9.O-O a6 10.Bg5 Re8 11.Re1 Rxe1+ 12.Qxe1 Bf5 13.Nh4 Bg6 14.Bxf6 gxf6 15.Qe3 Nd7
16.a4 Ne5 17.Be2 f5 18.g3 Qb6 19.f4 Nd7 20.Bf1 Nf6 21.Bh3 Qxb2 22.Qc1 Qb4
23.Nxf5 Bxf5 24.Bxf5 Qd4+ 25.Kh1 Nxd5 26.Ne4 Be7 27.Qd1 Ne3 28.Qxd4 cxd4
29.Bh3 d3 30.f5 Bb4 31.Nf2 d2 32.Nd1 Rc8  0-1

[Event "Cannes team g/60"]
[Site "Cannes"]
[Date "1992.??.??"]
[Round "6"]
[White "Kouatly, Bachar"]
[Black "Piket, Jeroen"]
[Result "0-1"]
[WhiteElo "2515"]
[BlackElo "2615"]

1.d4 d5 2.c4 dxc4 3.e4 Nc6 4.Nf3 Bg4 5.Be3 e6 6.Bxc4 Bxf3 7.gxf3 Qf6 8.d5 exd5
9.exd5 O-O-O 10.Nd2 Ne5 11.Bb3 Bb4 12.f4 Bxd2+ 13.Kxd2 Ng6 14.Qg4+ Kb8 15.Kc2 N8e7
16.Rad1 Rhe8 17.Kb1 Qf5+ 18.Qxf5 Nxf5 19.Bc1 Ngh4 20.Rd3 Re2 21.Rf1 Rde8
22.Bd1 Re1 23.Rxe1 Rxe1 24.Kc2 Rh1 25.Rh3 g6 26.Be3 h5 27.Kd2 a6 28.Ba4 Rxh2
29.Rxh2 Nf3+ 30.Ke2 Nxh2 31.Bc5 Ng4 32.Bd7 Nf6 33.Bxf5 gxf5 34.d6 c6 35.Bd4 Nd5
36.Kf3 Kc8 37.Kg3 Kd7 38.Ba7 Kxd6 39.Bb8+ Ke6 40.Kh4 Nb4 41.Kxh5 Nxa2 42.Ba7 Nb4
43.Kh4 Nd3 44.Bd4 Nxf4 45.Kg5 Nd3  0-1

[Event "Cappelle op"]
[Site "Cappelle la Grande"]
[Date "1992.??.??"]
[Round "7"]
[White "Arkell, Keith C"]
[Black "Pohla, Harry"]
[Result "1/2-1/2"]
[WhiteElo "2460"]
[BlackElo "2340"]

1.d4 d5 2.c4 dxc4 3.e4 c5 4.d5 e6 5.Nc3 exd5 6.Nxd5 Nf6 7.Bxc4 Nxd5 8.Bxd5 Be7
9.Nf3 O-O 10.O-O Qb6 11.Ne5 Nd7 12.Nxd7 Bxd7 13.Bxf7+ Rxf7 14.Qxd7 Bf6 15.Qg4 Bd4
16.Qe2 Re8 17.Kh1 Qa6 18.Qxa6 bxa6 19.Be3 Bxe3 20.fxe3 Rxf1+ 21.Rxf1 Rxe4
22.Kg1 Rxe3 23.Kf2 Re5 24.Rc1 Kf7 25.Rc4 Ke7 26.Kf3 Kd7 27.Rh4 h6 28.Rg4 g5
29.Ra4 Re6 30.Ra5 Rb6 31.b3 Rc6 32.Ra4 Rd6 33.Rc4 Rd5 34.h3 Rd2 35.Ra4 Rd6
36.Ra5 Rc6 37.Kg4 c4 38.bxc4 Rxc4+ 39.Kh5 Rc6 40.Ra3 Kc7 41.g4 Kb6 42.Rb3+ Ka5
43.Rb7 Ka4 44.Rh7 a5 45.Rxh6 Rxh6+ 46.Kxh6 Ka3 47.Kxg5 a4 48.h4 Kxa2 49.h5 a3
50.h6 Kb1 51.h7 a2 52.h8=Q a1=Q 53.Qh1+ Kb2 54.Qb7+ Kc2 55.Qe4+ Kb3 56.Qd3+ Kb4
57.Kf5 a5 58.g5 a4 59.Qd6+ Kb3 60.Qb6+ Kc2 61.Qc6+ Kb1 62.Qb5+ Kc2 63.Qc4+ Kb1
64.Qd3+ Kc1 65.g6 Qb1 66.Ke4 a3  1/2-1/2

[Event "Cebu"]
[Site "Cebu"]
[Date "1992.??.??"]
[Round "1"]
[White "Rodriguez, Ruben"]
[Black "Mascarinas, Rico"]
[Result "0-1"]
[WhiteElo "2415"]
[BlackElo "2450"]

1.d4 d5 2.c4 dxc4 3.e4 Nc6 4.Be3 Nf6 5.Nc3 e5 6.d5 Ne7 7.Bxc4 Ng6 8.f3 a6
9.Nge2 Bd6 10.Qd2 Qe7 11.Nc1 O-O 12.Nd3 Nh5 13.g3 Bd7 14.O-O-O b5 15.Bb3 a5
16.a4 b4 17.Ne2 Rfc8 18.Kb1 Qe8 19.Nec1 Bxa4 20.Bxa4 Qxa4 21.b3 Qb5 22.Nb2 Nf6
23.Na4 Nd7 24.Nd3 c5 25.dxc6 Rxc6 26.Ndb2 Nf6 27.h4 Nf8 28.h5 h6 29.g4 Be7
30.g5 hxg5 31.Bxg5 Rd8 32.Qg2 Rxd1+ 33.Rxd1 Ne6 34.h6 Nxg5 35.Qxg5 g6 36.h7+ Kxh7
37.Rh1+ Kg8 38.Qh6 Nh5 39.Qd2 Nf4 40.Qh2 Bf6 41.Rd1 Ne6 42.Qd2 Nd4 43.Qd3 Qxd3+
44.Rxd3 Bg5 45.Nc4 Nxb3 46.Nxe5 Rc1+ 47.Kb2 Nc5 48.Nxc5 Rxc5 49.Nd7 Rc6 50.Kb3 Bf4
51.e5 Kg7 52.Ka4 Rc3 53.Rxc3 bxc3 54.Kb3 Bd2 55.Nc5 Kh6 56.Kc2 Kg5 57.Nb7 Kf5
58.Nxa5 Kxe5 59.Kd3 Kf4 60.Ke2 Be3 61.Kd3 Kxf3 62.Kxc3 g5 63.Nc6 Ke4  0-1

[Event "Cebu"]
[Site "Cebu"]
[Date "1992.??.??"]
[Round "2"]
[White "Mascarinas, Rico"]
[Black "Murshed, Niaz"]
[Result "1/2-1/2"]
[WhiteElo "2450"]
[BlackElo "2505"]

1.d4 d5 2.c4 dxc4 3.e4 c5 4.Nf3 cxd4 5.Qxd4 Qxd4 6.Nxd4 a6 7.Bxc4 e6 8.Be3 Nf6
9.f3 Bb4+ 10.Nd2 Nbd7 11.a3 Bd6 12.Rc1 Ne5 13.Be2 Bd7 14.N4b3 O-O 15.Bd4 Rfc8
16.O-O Rxc1 17.Rxc1 Rc8 18.Rxc8+ Bxc8 19.f4 Nc6 20.Be3 Bc7 21.Bf3 e5 22.f5 b6
23.g4 Bb7 24.Nb1 Nd4 25.Nxd4 exd4 26.Bxd4 Bxe4 27.Bxe4 Nxe4  1/2-1/2

[Event "EU-chT (Women)"]
[Site "Debrecen"]
[Date "1992.??.??"]
[Round "5"]
[White "Flear, Christine"]
[Black "Fomina, Tatyana"]
[Result "1/2-1/2"]
[WhiteElo "2205"]
[BlackElo "2250"]

1.d4 d5 2.c4 dxc4 3.e4 e5 4.d5 f5 5.Bxc4 Nf6 6.exf5 Bxf5 7.Qb3 Nbd7 8.Nf3 Bd6
9.Be3 O-O 10.Ng5 Qe7 11.Nc3 Ng4 12.Nge4 Nxe3 13.fxe3 Qh4+ 14.g3 Qh6 15.Kd2 a6
16.Rae1 b5 17.Bd3 b4 18.Nd1 Bxe4 19.Bxe4 a5 20.Qc4 a4 21.h4 Nf6 22.Bf5 g6
23.Be6+ Kh8 24.g4 Qg7 25.Reg1 Ra5 26.g5 Nh5 27.Rf1 Raa8 28.Rhg1  1/2-1/2

[Event "EU-chT (Men)"]
[Site "Debrecen"]
[Date "1992.??.??"]
[Round "5"]
[White "Varga, Zoltan"]
[Black "Magem Badals, Jorge"]
[Result "1/2-1/2"]
[WhiteElo "2410"]
[BlackElo "2515"]

1.d4 d5 2.c4 dxc4 3.e4 Nc6 4.Nf3 Bg4 5.d5 Ne5 6.Bf4 Ng6 7.Be3 Nf6 8.Nc3 e5
9.Bxc4 a6 10.h3 Bd7 11.h4 h5 12.Ng5 Bd6 13.f3 Qe7 14.Qe2 O-O 15.Bb3 Bc5 16.Rc1 Rac8
17.g3 c6 18.dxc6 Rxc6 19.O-O Rc7 20.Kh2 Nh8 21.Qf2 Rfc8 22.Rc2 Be8 23.Rfc1 Bxe3
24.Qxe3 Ng6 25.a3 Qc5 26.Nd5 Qxe3 27.Nxe3 Rxc2+ 28.Rxc2 Rxc2+ 29.Nxc2 Ne7
30.Nb4 Nh7 31.Nd3 Nxg5 32.hxg5 Ng6 33.Nc5 Bc6 34.Bd5 Bxd5 35.exd5 Kf8 36.Nxb7 Ke7
37.b4 h4 38.g4 Nf4 39.Nc5 Kd6 40.Nxa6 Kxd5 41.Nc7+ Kc6 42.Ne8 Ne6 43.b5+ Kc5
44.a4 Nxg5 45.Nxg7 Nxf3+ 46.Kh3 e4 47.Nf5 Ne5 48.Kxh4 Nd7 49.g5 Kb4 50.Nd6 Kxa4
51.Nxf7 e3 52.Kg3 Kxb5 53.Kf3 Kc5 54.Kxe3  1/2-1/2

[Event "EU-chT (Men)"]
[Site "Debrecen"]
[Date "1992.??.??"]
[Round "8"]
[White "Aleksandrov, Aleksej"]
[Black "Westerinen, Heikki MJ"]
[Result "1-0"]
[WhiteElo "2460"]
[BlackElo "2430"]

1.d4 d5 2.c4 dxc4 3.e4 e5 4.Nf3 exd4 5.Bxc4 Bb4+ 6.Nbd2 Nc6 7.O-O Be6 8.Bb5 Ne7
9.Ng5 Qd6 10.Nxe6 Qxe6 11.Bc4 Qg6 12.Nf3 O-O 13.e5 Qh5 14.Bf4 Rad8 15.h3 Qf5
16.Bg3 d3 17.Qb3 Ba5 18.Rad1 d2 19.Bh4 Kh8 20.a3 a6 21.Qe3 b5 22.Ba2 Qd3
23.Qg5 f6 24.exf6 Ng6 25.Bb1 Qd5 26.Bxg6 Qxg5 27.Nxg5 hxg6 28.fxg7+ Kxg7
29.Ne6+ Kf7 30.Nxd8+ Nxd8 31.Bg5 Ne6 32.Bxd2 Bb6 33.Be3 c5 34.Rd7+ Kf6 35.Rd6 Rb8
36.Re1 Ba5 37.Rxe6+ Kxe6 38.Bd2+  1-0

[Event "EU-chT (Women)"]
[Site "Debrecen"]
[Date "1992.??.??"]
[Round "9"]
[White "Garcia, Nieves"]
[Black "Galliamova, Alisa"]
[Result "0-1"]
[WhiteElo "2245"]
[BlackElo "2400"]

1.d4 d5 2.c4 dxc4 3.e4 e5 4.Nf3 exd4 5.Qxd4 Qxd4 6.Nxd4 Bc5 7.Nb5 Na6 8.Bxc4 c6
9.N5c3 Nb4 10.Na3 b5 11.Be2 Nf6 12.O-O Bg4 13.Bxg4 Nxg4 14.Nd1 O-O-O 15.Bg5 f6
16.Bh4 Rhe8 17.Rc1 Nd3 18.Rc2 Rxe4 19.Nc3 Rb4 20.Rb1 Ngxf2 21.Bxf2 Nxf2 22.Kf1 Ng4
23.Re2 Rf4+ 24.Ke1 Bf2+  0-1

[Event "Dortmund op-A"]
[Site "Dortmund"]
[Date "1992.??.??"]
[Round "1"]
[White "Azmaiparashvili, Zurab"]
[Black "Schulte Bartold, Claus"]
[Result "1-0"]
[WhiteElo "2610"]
[BlackElo "2305"]

1.d4 d5 2.c4 dxc4 3.e4 c5 4.d5 e6 5.Bxc4 Nf6 6.Nc3 exd5 7.Nxd5 Nxd5 8.Bxd5 Be7
9.Qb3 O-O 10.Bxb7 Bxb7 11.Qxb7 Nd7 12.Nf3 Rb8 13.Qxa7 Qc8 14.Qa4 Rb4 15.Qc2 Qb7
16.O-O Bf6 17.Rd1 Re8 18.a4 Rbxe4 19.a5 Bd4 20.a6 Qa7 21.Kf1 Nb8 22.Be3 h6
23.Nxd4  1-0

[Event "Dortmund op-A"]
[Site "Dortmund"]
[Date "1992.??.??"]
[Round "1"]
[White "Levin, Felix"]
[Black "Bouton, Christophe"]
[Result "1-0"]
[WhiteElo "2445"]
[BlackElo "2220"]

1.d4 d5 2.c4 dxc4 3.e4 c5 4.d5 Nf6 5.Nc3 e6 6.Nf3 exd5 7.e5 Nfd7 8.Bg5 Be7
9.Bxe7 Qxe7 10.Nxd5 Qd8 11.Qc2 Nxe5 12.Qe4 Be6 13.Qxe5 Qxd5 14.Qxg7 Rf8 15.Rd1 Qe4+
16.Be2 Nd7 17.Ng5 Qg6 18.Nxe6 Qxe6 19.O-O O-O-O 20.Bg4 f5 21.Bh3 Nf6 22.Rde1 Qd5
23.Re7 Kb8 24.g3 f4 25.Be6 Qf3 26.Bxc4 h5 27.Qg5 Rd1 28.Qe5+  1-0

[Event "Dortmund op-A"]
[Site "Dortmund"]
[Date "1992.??.??"]
[Round "3"]
[White "Galliamova, Alisa"]
[Black "Bouton, Christophe"]
[Result "1-0"]
[WhiteElo "2410"]
[BlackElo "2220"]

1.d4 d5 2.c4 dxc4 3.e4 Nf6 4.e5 Nd5 5.Bxc4 Nb6 6.Bd3 Nc6 7.Ne2 Bg4 8.Be3 Qd7
9.f3 Bf5 10.Bxf5 Qxf5 11.O-O O-O-O 12.Qc1 Qd7 13.Nbc3 e6 14.Ne4 Nd5 15.Bf2 f5
16.N4c3 Bb4 17.Nxd5 Qxd5 18.Nf4 Qd7 19.Qc4 Rde8 20.Rfd1 g5 21.Nd3 Qd5 22.Qxd5 exd5
23.a3 Ba5 24.b4 Bb6 25.Ne1 a6 26.Nc2 Kd7 27.a4 a5 28.b5 Nd8 29.Rab1 f4 30.Na1 Rhg8
31.Nb3 Ne6 32.Be1 g4 33.Kh1 gxf3 34.gxf3 Rg6 35.Bxa5 Bxa5 36.Nxa5 Ra8 37.Nxb7 Rxa4
38.Nc5+ Nxc5 39.dxc5 Ra2 40.Rg1 Rc2 41.Rxg6 hxg6 42.b6 cxb6 43.cxb6 Kc8 44.Rd1 Rb2
45.Rxd5 Rxb6 46.Kg2 Rb3 47.Rd6 Re3 48.Rxg6 Rxe5 49.Rf6 Rg5+ 50.Kh1 Kd7 51.Rxf4 Ke7
52.h4 Ra5 53.Kg2 Ra1 54.Kh3 Ke6 55.h5 Rh1+ 56.Kg4 Rg1+ 57.Kh4 Rg8 58.h6 Ke5
59.Rg4 Rh8 60.Kg5 Rg8+ 61.Kh5 Rh8 62.Kg6  1-0

[Event "Dortmund op-A"]
[Site "Dortmund"]
[Date "1992.??.??"]
[Round "8"]
[White "Razuvaev, Yuri S"]
[Black "Ibragimov, Ildar"]
[Result "1/2-1/2"]
[WhiteElo "2575"]
[BlackElo "2515"]

1.d4 d5 2.c4 dxc4 3.e4 Nc6 4.Nf3 Bg4 5.d5 Ne5 6.Nc3 Nf6 7.Bf4 Ng6 8.Be3 e5
9.Bxc4 a6 10.h3 Bd7 11.O-O Bd6 12.Nd2 O-O 13.Re1 Ne8 14.Bf1 Be7 15.Nc4 Nd6
16.Nxd6 Bxd6 17.Rc1 Qh4 18.g3 Qe7 19.Bg2 h6 20.Nb1 f5 21.exf5 Bxf5 22.Nd2 Qd7
23.Qh5 Ne7 24.Ne4 Bg6 25.Qg4 Bf5 26.Qh5 Bg6  1/2-1/2

[Event "Dortmund op-A"]
[Site "Dortmund"]
[Date "1992.??.??"]
[Round "9"]
[White "Kishnev, Sergey"]
[Black "Luecke, Norbert"]
[Result "1-0"]
[WhiteElo "2540"]
[BlackElo "2395"]

1.d4 d5 2.c4 dxc4 3.e4 c5 4.d5 e6 5.Nc3 Nf6 6.Bxc4 exd5 7.Nxd5 Nxd5 8.Bxd5 Nd7
9.Qb3 Ne5 10.Nf3 Nxf3+ 11.Qxf3 Qe7 12.Bg5 f6 13.Bf4 Be6 14.O-O-O g5 15.Bd6 g4
16.Bxe7 gxf3 17.Bxf8 Bxd5 18.Rxd5 fxg2 19.Rg1 Kxf8 20.Rxg2 b6 21.Rd7 Rg8
22.Rxg8+ Kxg8 23.Kd2 b5 24.Ke3 a6 25.Kf4 Rc8 26.Ra7 Rc6 27.h4 c4 28.a3 Rd6
29.Kf5 Rd2 30.f4 Rxb2 31.Kxf6 h5 32.e5 Rf2 33.f5 c3 34.Rg7+ Kh8 35.Rc7 c2
36.e6  1-0

[Event "Dubai Asian Cities"]
[Site "Dubai"]
[Date "1992.??.??"]
[Round "2"]
[White "Hsu Li Yang"]
[Black "Murshed, Niaz"]
[Result "1/2-1/2"]
[WhiteElo "2285"]
[BlackElo "2505"]

1.d4 d5 2.c4 dxc4 3.e4 Nc6 4.Be3 Nf6 5.Nc3 e5 6.d5 Ne7 7.f3 Ng6 8.Bxc4 a6
9.Nge2 Bd6 10.Qd2 h5 11.Bd3 h4 12.O-O-O b5 13.Kb1 Bd7 14.Rc1 Qe7 15.Bg5 O-O
16.Nd1 Rfb8 17.g3 h3 18.g4 b4 19.Ng3 Nf4 20.Ne3 g6 21.Nc4 Bb5 22.Bxf4 exf4
23.Ne2 Bxc4 24.Bxc4 Nd7 25.Nd4 Ne5 26.Nc6 Nxc6 27.dxc6 Rd8 28.Qe2 Be5 29.Bxa6 Rxa6
30.Qxa6 Rd2 31.Rc2 Rxc2 32.Kxc2 Qc5+ 33.Kb3 Qf2 34.Qd3 Qxb2+ 35.Kc4 Bd6 36.e5 Qxe5
37.Qd5 Qe2+ 38.Kb3 Qe3+ 39.Kc4 Qc3+ 40.Kb5 b3 41.Qxb3 Qc5+ 42.Ka6 Qxc6+ 43.Ka7  1/2-1/2

[Event "Dubai Asian Cities"]
[Site "Dubai"]
[Date "1992.??.??"]
[Round "7"]
[White "Adianto, Utut"]
[Black "Barua, Dibyendu"]
[Result "1/2-1/2"]
[WhiteElo "2475"]
[BlackElo "2550"]

1.d4 d5 2.c4 dxc4 3.e4 Nf6 4.e5 Nd5 5.Bxc4 Nb6 6.Bb3 Nc6 7.Ne2 Bg4 8.Nbc3 e6
9.O-O Nb4 10.h3 Bh5 11.f4 Bg6 12.d5 Qd7 13.dxe6 Bc5+ 14.Kh2 fxe6 15.Qxd7+ Kxd7
16.Rd1+ N4d5 17.Bxd5 Nxd5 18.b4 Bxb4 19.Nxd5 exd5 20.Rxd5+ Kc6 21.Rd1 Bc5
22.Bb2 Rad8 23.Bd4 b6 24.g4 Bc2 25.Rd2 Be4 26.Kg3 Rd5 27.Rc1 Rhd8 28.Bxc5 Rxd2
29.Be7+ Kd7 30.Bxd8 Kxd8 31.Nc3 Rd3+ 32.Kh2 Bc6 33.f5 b5 34.Na4 Bd5 35.Nc5 Re3
36.e6 a5 37.Rf1 b4 38.g5 Ke8 39.Rf2 g6 40.Rd2 c6 41.f6 Bxe6 42.Rd6 Bd5 43.Rd7 Re5
44.Rxh7 Rxg5 45.Re7+ Kd8 46.Nb7+ Kc8 47.Nd6+ Kb8 48.Re2 Kc7 49.f7 Bxf7 50.Nxf7 Rd5
51.Ne5 g5 52.Kg3 a4 53.Kf3 Kd6 54.Nc4+ Kc5 55.Ne3 Rd4 56.Rg2 b3 57.a3 Rf4+
58.Ke2 b2 59.Rg1 Re4 60.Rb1 Kd4 61.Rd1+ Kc5 62.Rb1 Kd4  1/2-1/2

[Event "Eger op"]
[Site "Eger"]
[Date "1992.??.??"]
[Round "?"]
[White "Varga, Zoltan"]
[Black "Fochtler, Ekkehard"]
[Result "1/2-1/2"]
[WhiteElo "2480"]
[BlackElo "2260"]

1.d4 d5 2.c4 dxc4 3.e4 Nc6 4.Nf3 Bg4 5.d5 Ne5 6.Bf4 Bxf3 7.gxf3 Nd3+ 8.Bxd3 cxd3
9.Qxd3 c6 10.Nc3 Nf6 11.O-O-O cxd5 12.Qb5+ Qd7 13.Nxd5 Nxd5 14.Qxd7+ Kxd7
15.Rxd5+ Ke6 16.Rhd1 h6 17.Rd7 g5 18.Be3 Bg7 19.Rxb7 Rhb8 20.Rdd7 Bxb2+  1/2-1/2

[Event "FIN-chT"]
[Site "FIN"]
[Date "1992.??.??"]
[Round "?"]
[White "Norri, Joose"]
[Black "Rantanen, Yrjo A"]
[Result "1-0"]
[WhiteElo "2395"]
[BlackElo "2410"]

1.d4 d5 2.c4 dxc4 3.e4 Nc6 4.Be3 Nf6 5.Nc3 Ng4 6.Bxc4 e5 7.Nf3 exd4 8.Qb3 Bd6
9.Bxf7+ Kf8 10.Bh5 g6 11.Bg5 Qd7 12.Bxg4 Qxg4 13.Bh6+ Ke8 14.Nd5 Qxg2 15.Rg1 Qh3
16.Bg7 Rf8 17.Bxf8 Kxf8 18.O-O-O Bg4 19.Rd3 Na5 20.Qa4 Bxf3 21.Qxd4 Kg8 22.Nf6+ Kf7
23.Qd5+ Kg7 24.Ng4 Nc6 25.Qb3 Re8  1-0

[Event "FIN-chT"]
[Site "FIN"]
[Date "1992.??.??"]
[Round "?"]
[White "Manninen, Marko"]
[Black "Koskinen, Henri"]
[Result "0-1"]
[WhiteElo "2450"]
[BlackElo "2245"]

1.d4 d5 2.c4 dxc4 3.e4 e5 4.Nf3 Bb4+ 5.Bd2 Bxd2+ 6.Nbxd2 exd4 7.Bxc4 Nc6
8.O-O Qf6 9.b4 a6 10.e5 Qg6 11.Nb3 Nge7 12.Nbxd4 O-O 13.Qb3 Nxd4 14.Nxd4 Nc6
15.Nxc6 Qxc6 16.f4 g6 17.Rac1 Qb6+ 18.Kh1 Be6 19.h4 Rad8 20.h5 Rd4 21.Rc3 Rxc4
22.Rxc4 Qb5 23.Rfc1 Rd8 24.Kh2 Qe8 25.Qf3 Bxc4 26.Rxc4 c6 27.Re4 Qe6 28.a3 Kg7
29.g4 Rd2+ 30.Kg3 Qa2 31.f5 g5 32.f6+ Kf8 33.e6 fxe6 34.Qe3 Qd5 35.Kf3 Rd3  0-1